| 000 | 01388nam a22003857a 4500 | ||
|---|---|---|---|
| 001 | 13729562 | ||
| 003 | OSt | ||
| 005 | 20210426125440.0 | ||
| 008 | 040924r20052004nyub b 000 0 eng | ||
| 010 | _a 2004059655 | ||
| 020 | _a0066209803 (hc : acidfree paper) | ||
| 035 | _a(OCoLC)ocm56809552 | ||
| 040 |
_aDLC _cDLC _dYDX _dDLC |
||
| 042 | _apcc | ||
| 043 | _aa-ir--- | ||
| 050 | 0 | 0 |
_aDS259.2 _b.D43 2005 |
| 080 |
_a94 _bB-41 |
||
| 082 | 0 | 0 |
_a955.05/42 _222 |
| 100 | 1 |
_aDe Bellaigue, Christopher, _d1971- |
|
| 245 | 1 | 0 |
_aIn the rose garden of the martyrs : _ba memoir of Iran / _cChristopher de Bellaigue. |
| 250 | _a1st U.S. ed. | ||
| 260 |
_aNew York : _bHarperCollins, _c2005. |
||
| 300 |
_axii, 283 p. : _bmap ; _c24 cm. |
||
| 365 | _a26.95 USD | ||
| 500 | _aOriginally published: London : HarperCollins, 2004. | ||
| 504 | _aIncludes bibliographical references (p. 281-283). | ||
| 600 | 1 | 0 |
_aDe Bellaigue, Christopher, _d1971- _xTravel _zIran. |
| 651 | 0 |
_aIran _xDescription and travel. |
|
| 651 | 0 |
_aIran _xSocial life and customs _y20th century. |
|
| 653 | _aბიოგრაფია | ||
| 906 |
_a7 _bcbc _corignew _d1 _eocip _f20 _gy-gencatlg |
||
| 942 |
_2udc _cBK |
||
| 999 |
_c1078 _d1078 |
||